header

Nuclear space power and propulsion systems (Record no. 121114)

MARC details
000 -LEADER
fixed length control field 01351nam a2200325 a 4500
245 00 - TITLE STATEMENT
Title Nuclear space power and propulsion systems
260 ## - PUBLICATION, DISTRIBUTION, ETC. (IMPRINT)
Place of publication Reston, Va. :
Name of publisher American Institute of Aeronautics and Astronautics, Inc.,
Year of publication 2008.
300 ## - PHYSICAL DESCRIPTION
Number of Pages xx, 282 p. :
Other physical details ill.
490 1# - SERIES STATEMENT
Series statement Progress in astronautics and aeronautics ;
650 #0 - SUBJECT ADDED ENTRY--TOPICAL TERM
Topical Term Space vehicles
Topical Term Nuclear rockets.
Topical Term Nuclear propulsion.
700 1# - ADDED ENTRY--PERSONAL NAME
Personal name Bruno, Claudio.
856 40 - ELECTRONIC LOCATION AND ACCESS
Uniform Resource Identifier http://site.ebrary.com/lib/rucke/Doc?id=10516514

No items available.

© 2026 Rongo University
Contact us: librarian | system librarian | Rongo university